| 000 | 00710nam a2200193 i 4500 | ||
|---|---|---|---|
| 001 | bg | ||
| 100 | 1 | _aGRODZICKI, Stanisław | |
| 245 | 0 |
_aAnaliza geometrii tras komunikacyjnych w aspekcie zastosowań techniki komputerowej : _bskrót rozprawy doktorskiej / _cStanisław Grodzicki. |
|
| 260 |
_aWarszawa : _bInstytut Maszyn Matematycznych, _c1979. |
||
| 300 |
_as. 83, nlb. 1 : _brys., tab. |
||
| 490 | 1 | _aPrace Naukowo-Badawcze Instytutu Maszyn Matematycznych | |
| 504 | _a[Zawiera bibliogr. s. 77-82]. | ||
| 830 | _aPrace Naukowo-Badawcze Instytutu Maszyn Matematycznych | ||
| 040 | _cBPK | ||
| 041 | _apol | ||
| 080 | _a625:681.322:519.68 | ||
| 942 | _cKS | ||
| 008 | s pl f |000 0 pol | ||
| 999 |
_c19043 _d19043 |
||
| 856 |
_uhttp://koha.tu.koszalin.pl/cgi-bin/koha/opac-detail.pl?biblionumber=19043 _yKatalog online BPK |
||